000 00369nam a2200157Ia 4500
008 221030s9999 xx 000 0 und d
020 _a8170296129
041 _aEnglish
082 _a105.23
_bMc
100 _a-
245 0 _aPC Learning Labs teaches DOS 6 & 6.2
_cby -
260 _bBPB Pub
_aNew Delhi
_c1995
300 _a474
650 _aBE Computer
942 _cBK
999 _c4795
_d4795